000 00874nmm a2200277 a 4500
001 ocm000702154
003 TR-IsHL
005 20201028124527.0
008 130902s2010 tu tur
007 cr cn
035 _a702154
_b(N$T)
050 0 4 _aPT2521.S98
_bH9 2010
090 0 4 _aPT2521.S98
_bH9 2010
100 1 _aSpyri, Johanna
245 1 0 _aHeidi
_h[electronic resource] /
_cJohanna Spyri ; tashih Derya Günay
250 _a1. bs.
260 _aİstanbul :
_bBirleşik Yayın Grubu,
_c2010
300 _a63 p.
650 4 _aDil ve Edebiyat
650 4 _aLanguage and Literature
650 0 _aİsviçre romanı
650 0 _aSwitzerland fiction
650 7 _aLITERARY COLLECTIONS / European / Scandinavian
_2bisacsh
700 1 _aGünay, Derya
856 4 0 _uhttp://search.ebscohost.com/login.aspx?direct=true&scope=site&db=e011xww&AN=702154
999 _c3000
_d3000